000 00924nam a2200241 a 4500
001 000008366
005 20240527191033.0
008 090916s2005 dr 000 0 spa d
020 _a994585240X
040 _aDO-SdBNP
_bspa
_cBNPHU
082 _a658.15
_bG165a
100 1 _aGarcía Amparo, Ismael
_922582
245 1 0 _aAnálisis de estados financieros :
_bun buen punto de partida para tomar decisiones gerenciales /
_cIsmael García Amparo ; prólogo Daniel Molina Ossers.
260 _aSanto Domingo :
_bUniversidad Adventista Dominicana:,
_c2005.
300 _a212 p. ;
_c24 cm.
500 _aIncluye glosario e índice temático
500 _aIncluye datos biográficos del autor en la contracubierta
504 _aBibliografía : p. 195-197
650 4 _aAnálisis financiero
_918231
650 4 _aEstados financieros
_918229
650 0 _aAdministración
_920440
700 1 _aMolina Ossers, Daniel,
_eprol.
_922583
999 _c8137
_d8137